| 000 | 00746nam a22002297a 4500 | ||
|---|---|---|---|
| 999 |
_c10821 _d10821 |
||
| 003 | AR-CdUCM | ||
| 008 | 190402b ||||| |||| 00| 0 spa d | ||
| 040 |
_aMUNICIPALIDAD PROVINCIAL DEL CUSCO _cBIBLIOTECA MUNICIPAL DEL CUSCO |
||
| 041 | _hfre | ||
| 082 |
_a848.92 / _bG44C / 1932 |
||
| 100 |
_aGide, André _923876 |
||
| 245 | _aLas cuevas del Vaticano / | ||
| 260 |
_aMadrid : _bDédalo, _c1932. |
||
| 300 |
_a271 páginas ; _c24 cm. |
||
| 505 | _aContenido: Anthime Armand-Dubois -- Julio de Braglioul -- Amedee Fleurissoire -- El viempies -- Lafcadio. | ||
| 650 |
_aNovela _95 |
||
| 650 |
_aNovelas francesas _9571 |
||
| 650 |
_aSiglo XX. _98 |
||
| 700 |
_aBecerra, Martin (traducción) _927864 |
||
| 942 |
_2ddc _cLIBROS |
||
| 945 | _aacv | ||